<?xml version="1.0" encoding="UTF-8"?>
<record
    xmlns:xsi="http://www.w3.org/2001/XMLSchema-instance"
    xsi:schemaLocation="http://www.loc.gov/MARC21/slim http://www.loc.gov/standards/marcxml/schema/MARC21slim.xsd"
    xmlns="http://www.loc.gov/MARC21/slim">

  <leader>02407nam a22003374a 4500</leader>
  <controlfield tag="003">BOLpUSFA</controlfield>
  <controlfield tag="005">20260414184558.0</controlfield>
  <controlfield tag="008">      t        bo     grm    001 | spa||</controlfield>
  <datafield tag="040" ind1=" " ind2=" ">
    <subfield code="a">BOLpUSFA</subfield>
  </datafield>
  <datafield tag="041" ind1=" " ind2=" ">
    <subfield code="a">spa</subfield>
  </datafield>
  <datafield tag="044" ind1=" " ind2=" ">
    <subfield code="a">BO</subfield>
  </datafield>
  <datafield tag="082" ind1=" " ind2=" ">
    <subfield code="a">ICO0016</subfield>
    <subfield code="b">M357e PG</subfield>
  </datafield>
  <datafield tag="100" ind1=" " ind2=" ">
    <subfield code="a">Marquez Villena, Ibeliz Mariza</subfield>
  </datafield>
  <datafield tag="245" ind1=" " ind2=" ">
    <subfield code="a">Estudio de factibilidad para la creaci&#xF3;n de una Microempresa de Glamping en el Municipio de Tupiza.</subfield>
  </datafield>
  <datafield tag="260" ind1=" " ind2=" ">
    <subfield code="a">Tupiza:</subfield>
    <subfield code="b">Universidad Privada San Francisco de As&#xED;s, </subfield>
    <subfield code="c">2025 </subfield>
  </datafield>
  <datafield tag="300" ind1=" " ind2=" ">
    <subfield code="a">212 p.</subfield>
  </datafield>
  <datafield tag="502" ind1=" " ind2=" ">
    <subfield code="a">Modalidad: Proyecto de Grado - 
Tutora: Lic. M&#xF3;nica Roxana Maldonado Arana</subfield>
  </datafield>
  <datafield tag="520" ind1=" " ind2=" ">
    <subfield code="a">El proyecto tiene como objetivo realizar el estudio de factibilidad para la creaci&#xF3;n de 
una microempresa de Glamping en el municipio de Tupiza, en respuesta a la falta 
de alternativas de alojamiento acordes con la nueva tendencia de turismo natural. 

Para  el  desarrollo  del  proyecto  se  aplicaron  m&#xE9;todos  de  investigaci&#xF3;n  y  t&#xE9;cnicas 
para  recolecci&#xF3;n  de  datos  a  un  mercado  inicial  en  el  municipio,  determinando  la 
demanda del servicio de hospedaje natural, el tama&#xF1;o y la organizaci&#xF3;n de la mi-
croempresa, la localizaci&#xF3;n y distribuci&#xF3;n de los domos, as&#xED; como el terreno a utili-
zar. 

Se consideraron adem&#xE1;s los aspectos legales necesarios para garantizar un 
funcionamiento &#xF3;ptimo y conforme a la normativa vigente, junto con un estudio fi-
nanciero  que  permiti&#xF3;  establecer  la  inversi&#xF3;n,  ingresos,  gastos  y  rentabilidad  del 
proyecto.  

El  perfil  del  cliente  potencial  corresponde  a  personas  de  entre  26  y  40 
a&#xF1;os que realizan turismo en grupos de amigos o familiares, con una disposici&#xF3;n de 
pago de entre 300 y 400 Bs por noche. En el &#xE1;mbito contable, la inversi&#xF3;n inicial 
asciende  a  207.105  Bs,  bajo  un  escenario  realista  que  presenta  un  Valor  Actual 
Neto (VAN) de 1.499.800,97 Bs, una Tasa Interna de Retorno (TIR) del 15 % y un 
Periodo de Recuperaci&#xF3;n de la Inversi&#xF3;n (PRI) estimado en 2 a&#xF1;os y 6 meses. 
</subfield>
  </datafield>
  <datafield tag="650" ind1=" " ind2=" ">
    <subfield code="a">Ingenier&#xED;a Comercial</subfield>
  </datafield>
  <datafield tag="650" ind1=" " ind2=" ">
    <subfield code="a">Proyecto de Grado</subfield>
  </datafield>
  <datafield tag="650" ind1=" " ind2=" ">
    <subfield code="a">Estudio de factibilidad</subfield>
  </datafield>
  <datafield tag="650" ind1=" " ind2=" ">
    <subfield code="a">Microempresa</subfield>
  </datafield>
  <datafield tag="650" ind1=" " ind2=" ">
    <subfield code="a">Ecoturismo</subfield>
  </datafield>
  <datafield tag="650" ind1=" " ind2=" ">
    <subfield code="a">Campamentos tur&#xED;sticos</subfield>
  </datafield>
  <datafield tag="650" ind1=" " ind2=" ">
    <subfield code="a">Comodidad</subfield>
  </datafield>
  <datafield tag="650" ind1=" " ind2=" ">
    <subfield code="a">Lujo</subfield>
  </datafield>
  <datafield tag="650" ind1=" " ind2=" ">
    <subfield code="a">Naturaleza</subfield>
  </datafield>
  <datafield tag="651" ind1=" " ind2=" ">
    <subfield code="a">Potos&#xED;</subfield>
  </datafield>
  <datafield tag="651" ind1=" " ind2=" ">
    <subfield code="a">Tupiza</subfield>
  </datafield>
  <datafield tag="942" ind1=" " ind2=" ">
    <subfield code="2">ddc</subfield>
    <subfield code="c">TE</subfield>
    <subfield code="z">LLO</subfield>
  </datafield>
  <datafield tag="999" ind1=" " ind2=" ">
    <subfield code="c">9695</subfield>
    <subfield code="d">9695</subfield>
  </datafield>
  <datafield tag="952" ind1=" " ind2=" ">
    <subfield code="0">0</subfield>
    <subfield code="1">0</subfield>
    <subfield code="2">ddc</subfield>
    <subfield code="4">0</subfield>
    <subfield code="7">0</subfield>
    <subfield code="8">2</subfield>
    <subfield code="a">BTZ</subfield>
    <subfield code="b">BTZ</subfield>
    <subfield code="c">3</subfield>
    <subfield code="d">2026-04-14</subfield>
    <subfield code="e">4</subfield>
    <subfield code="l">0</subfield>
    <subfield code="o">ICO0016 M357e PG</subfield>
    <subfield code="p">BTZ00902</subfield>
    <subfield code="r">2026-04-14</subfield>
    <subfield code="w">2026-04-14</subfield>
    <subfield code="y">TE</subfield>
  </datafield>
</record>
